| 000 | 01158nam a2200313 i 4500 | ||
|---|---|---|---|
| 001 | 15648 | ||
| 003 | ES-MaACL | ||
| 005 | 20250901041011.0 | ||
| 007 | t| | ||
| 008 | 000418s2000 sp ||||1| spa d | ||
| 020 | _a84-95287-02-1 | ||
| 080 | _a159.942 | ||
| 080 | _a616.89(04) | ||
| 100 | 1 |
_aEsquirol, Etienne-Dominique. _947972 |
|
| 245 | 1 | 0 |
_aSobre las pasiones consideradas como causas, síntomas y remedios de la alienación mental / _cEtienne Esquirol. La filosofía de la locura / Joseph Daquin ; prólogo de José Luis Peset. |
| 260 |
_aMadrid : _bAsociación Española de Neuropsiquiatría, _c2000. |
||
| 300 |
_a199 p. ; _c21 cm. |
||
| 490 | 1 |
_aHistoria ; _v8 |
|
| 650 | 7 |
_aEmociones y sentimientos _2embne _912196 |
|
| 650 | 7 |
_aEnfermedades mentales _2embne _912263 |
|
| 650 | 1 | 4 |
_aPsiquiatría- _vObras anteriores a 1800. _916593 |
| 700 | 1 |
_aDaquin, Joseph. _942683 |
|
| 700 | 1 |
_aPeset, José Luis. _991433 |
|
| 710 | 2 |
_aAsociación Española de Neuropsiquiatría. _91677 |
|
| 740 | 3 | _aLa filosofía de la locura. | |
| 830 | 0 |
_aHistoria ; _v8 _9177536 |
|
| 852 |
_aES-MaACL _jL-22793 _bR.127990 |
||
| 999 |
_c15648 _d15648 |
||